000 00644nam a22001817a 4500
003 BD-DhUL
005 20160904160002.0
008 160904s1986 b | ||| |||| 000 0 b d
040 _aBD-DhUL
_cBD-DhUL
082 _a954.9205
_bMUM
100 1 _aহাসান, মঈদুল
245 1 0 _aমূলধারা :
_b৭১ /
_cমঈদুল হাসান
260 _aঢাকা :
_bইউনিভার্সিটি প্রেস,
_c১৯৮৬.
300 _a(৬), ৩৫২ পৃ. ;
_c২২ সেমি.
650 0 _aবাংলাদেশ-ইতিহাস
650 0 _aHistory of Bangladesh
942 _2ddc
_cBK
999 _c103972
_d103972